|
|
|
|
| LEADER |
00000nam a2200000 a 4500 |
| 001 |
UCY0818 |
| 003 |
CL-VaPUC |
| 008 |
940813e19910000IT |||||||||||||||||ita|d |
| 082 |
0 |
4 |
|a 340.54
|b FAL
|2 21
|
| 100 |
0 |
|
|a Falco, Inés de
|e author
|9 328651
|
| 245 |
1 |
0 |
|a Diligentiam praestare: ricerche sull`emersione dell`inadempimento colposo delle obligationes
|
| 300 |
|
|
|a 150 p
|
| 942 |
|
|
|c BK
|
| 945 |
|
|
|d 19940813 00:00:00
|a aalvarez
|
| 260 |
|
|
|a Nápoles
|b Jovene
|c 1991
|
| 650 |
|
0 |
|a Derecho romano
|9 255930
|
| 583 |
|
|
|a last modification
|c 19940813 00:00:00
|k Rodrigo Vera
|
| 999 |
|
|
|c 229721
|d 229719
|
| 952 |
|
|
|0 0
|1 0
|4 0
|6 340_540000000000000_FAL_1991
|7 0
|8 DER_ROM
|9 231221
|a BIBDER
|b BIBDER
|d 2019-11-15
|i 2947048
|o 340.54 FAL 1991
|p 2947048
|r 2019-11-15
|w 2019-11-15
|x Ubicación 4to piso
|y BK
|z Este recurso debe solicitarse con anticipación
|k DER
|